000 00459nam a22001577a 4500
003 PILC
005 20150318090624.0
008 150318b xxu||||| |||| 00| 0 eng d
020 _a0340417633
050 _aHF 5547.5
_b.H893 1988
100 _aHughes, Vera.
245 _aThe office handbook /
_cVera and Christina Hughes.
260 _aLondon :
_bDEVA WP and Christina Hughes,
_cc1988.
300 _a167 pages :
_billustrations ;
_c21 cm.
942 _2lcc
_cBK
999 _c283769
_d283769